Записка начальника Оперативного управления Генерального штаба Красной Армии С. М. Штеменко И. В. Сталину с приложением перевода ...

RUSMARC
00005600cbm0a2200337#x 450
001ee5c8244-5791-4454-8304-130a44dd3c1b
00520250428162902.0
100##$a20250428j19450507k###0rusy50 ca
1011#$arus
$ceng
102##$aRU
105##$ay###z########
1220#$ad19450507##
2001#$aЗаписка начальника Оперативного управления Генерального штаба Красной Армии С. М. Штеменко И. В. Сталину с приложением перевода письма главы Военной миссии США в СССР Джона Р. Дина с сообщением генерала США Д. Эйзенхауэра о его предстоящем полете в Берлин 8 мая 1945 г.
$j7 мая 1945 г.
251##$cДокумент
300##$aПодлинник, заверенная копия
461#0$12001
$aФ. 3
$1251
$cФонд
$1852
$j3
462#0$12001
$aОп. 50
$1251
$cОпись
$1852
$j50
462#0$12001
$aД. 422
$vЛ. 94, 95
$1251
$cДело
$1852
$j422
605##$2prlib_sh
$3LIBNET\UAF\0000088514
$aВторая мировая война в архивных документах (Комплекс оцифрованных архивных документов, кино- и фотоматериалов)
$lколлекция
605##$2acquisition_Prlib
$3DITM\AF\0000002775
$aВласть
$lколлекция
605##$2acquisition_Prlib
$3DITM\AF\0000003834
$aНарод
$lколлекция
6061#$2nlr_sh
$3RU\NLR\AUTH\6650747
$aВторая мировая война
$z1939 - 1945
$xАнтигитлеровская коалиция
$jДокументы и материалы
6061#$2nlr_sh
$3RU\NLR\AUTH\661520861
$aВеликая Отечественная война
$z1941 - 1945
$zТретий период
$z1944 - 1945
$jДокументы и материалы
6061#$2nlr_sh
$3RU\NLR\AUTH\661312452
$aВторая мировая война
$z1939 - 1945
$xЧетвертый период
$z1944 - 1945
$jДокументы и материалы
686##$a63.3(2)622-6ю1
$vLBC/M
$2rubbk
686##$a63.3(2)622,13ю1
$vLBC/M
$2rubbk
801#0$aRU
$bПБ им. Б.Н. Ельцина
$c20250428
801#1$aRU
$bПБ им. Б.Н. Ельцина
$c20250428
$2rusmarc
801#2$aRU
$bПБ им. Б.Н. Ельцина
$c20250428
$2rusmarc
850##$aРоссийский государственный архив новейшей истории
852##$aРГАНИ
$jЛ. 94, 95
035##$aLIBNET\0001470495
937##$d196711052
$hФедеральное архивное агентство
8564#$uhttp://readingroom.main.prlib.ru/item.aspx?id_node=n196711052&mode=full
Формат отображения